000 00240 a2200097 4500
001 32066
100 _aUlaby, Fawwaz T
245 _aMicrowave Remote Sensing Active and Passive
260 _aUSA
_bArtech House
_c1986
090 _c21518
_d21518
942 _aNUST-CAE
_cM
_c12801
999 _c267139
_d267139